000 00404 a2200121 4500
001 ART_41596
005 20260410161754.0
008 260409a
245 1 0 _aLas indemnizaciones frente al impuesto a las ganancias y al impuesto al valor agregado
100 1 _aD´Alessandro, Valeria P.
700 1 _aGotlib, Gabriel
773 0 _tDoctrina tributaria
_g- Nº 377 (ago. 2011)
_wREV4296
999 _c19986
_d19986